Podporná politika v podmienkach vybraných typov regiónov

Príspevok sa zaoberá podpornou politikou v podmienkach vybraných typov regiónov. Teoretické prístupy k podpornej politike. Podpornú politiku skúma z hľadiska úrovne jej tvorby a realizácie, z hľadiska prístupu a z hľadiska podpory tvorby a dynamiky znalostí v regiónoch. Prípadové sondy do regiónov e...

ver descrição completa

Na minha lista:
Detalhes bibliográficos
Autor principal: Tvrdoň, Jozef
Outros Autores: Chovanec, Martin, Štofko, Michal
Formato: Capítulo de Livro
Idioma:eslovaco
Assuntos:
Tags: Adicionar Tag
Sem tags, seja o primeiro a adicionar uma tag!

MARC

LEADER 00000naa a2200000 4500
001 0156576
005 20240521113605.2
041 0 |a slo 
044 |a SK 
245 1 0 |a Podporná politika v podmienkach vybraných typov regiónov  |c Jozef Tvrdoň, Martin Chovanec, Michal Štofko 
520 |a Príspevok sa zaoberá podpornou politikou v podmienkach vybraných typov regiónov. Teoretické prístupy k podpornej politike. Podpornú politiku skúma z hľadiska úrovne jej tvorby a realizácie, z hľadiska prístupu a z hľadiska podpory tvorby a dynamiky znalostí v regiónoch. Prípadové sondy do regiónov ekonomického jadra (Veľká Británia) a vidieckych regiónov (Francúzsko). Tvorba a realizácia takejto politiky v podmienkach ekonomiky Slovenska. 
610 2 0 |a regióny 
610 2 0 |a politika regionálna 
610 2 0 |a ekonomika znalostná 
610 2 0 |a inovácia 
610 2 0 |a klaster 
610 2 0 |a Európska únia 
100 1 |a Tvrdoň, Jozef 
700 1 |a Chovanec, Martin 
700 1 |a Štofko, Michal